Gua Niah gua bersejarah

Bibliographic Details
Main Author: Amran Abdullah
Format: Book
Published: Petaling Jaya : Pustaka Murni , 1996
Series:Siri bacaan Bumi Kenyalang
Subjects:

MARC

LEADER 00000cam a2200000 7i4500
001 0000007010
002 000007547
005 20000330.0
020 |a 9830780163 
090 0 0 |a JF   |b AMR 
100 0 |a Amran Abdullah 
245 1 0 |a Gua Niah gua bersejarah   |c Amran Abdullah 
260 |a Petaling Jaya :   |b Pustaka Murni ,   |c 1996 
300 |a 34p. :   |b ill. ;   |c 21cm. 
490 0 |a Siri bacaan Bumi Kenyalang 
650 0 0 |a Adventure stories, Malay 
999 |a 053356   |b BUKU   |c PINJAMAN   |e PERPUSTAKAAN KOMUNITI PETALING JAYA 
999 |a 054468   |b BUKU   |c PINJAMAN   |e PERPUSTAKAAN KOMUNITI CAW KOTA DAMANSARA 
999 |a 054469   |b BUKU   |c PINJAMAN   |e PERPUSTAKAAN KOMUNITI CAW KOTA DAMANSARA